<?xml version="1.0" encoding="UTF-8"?>
<record
    xmlns:xsi="http://www.w3.org/2001/XMLSchema-instance"
    xsi:schemaLocation="http://www.loc.gov/MARC21/slim http://www.loc.gov/standards/marcxml/schema/MARC21slim.xsd"
    xmlns="http://www.loc.gov/MARC21/slim">

  <leader>01725nam2a22002891  4500</leader>
  <controlfield tag="001">rc\4809845</controlfield>
  <controlfield tag="005">20250612222751.0</controlfield>
  <datafield tag="021" ind1=" " ind2=" ">
    <subfield code="a">RU</subfield>
    <subfield code="b">[70-78417]</subfield>
  </datafield>
  <datafield tag="035" ind1=" " ind2=" ">
    <subfield code="a">(NLR Aleph) 008877489</subfield>
  </datafield>
  <datafield tag="090" ind1=" " ind2=" ">
    <subfield code="a">8560768</subfield>
    <subfield code="c">8560768</subfield>
  </datafield>
  <datafield tag="100" ind1=" " ind2=" ">
    <subfield code="a">20130426d1970    |||y0rusy50      ca</subfield>
  </datafield>
  <datafield tag="101" ind1="0" ind2=" ">
    <subfield code="a">rus</subfield>
  </datafield>
  <datafield tag="102" ind1=" " ind2=" ">
    <subfield code="a">RU</subfield>
  </datafield>
  <datafield tag="105" ind1=" " ind2=" ">
    <subfield code="a">a   z   |||||</subfield>
  </datafield>
  <datafield tag="200" ind1="1" ind2=" ">
    <subfield code="a">&#x422;&#x435;&#x43A;&#x442;&#x43E;&#x43D;&#x438;&#x43A;&#x430; &#x441;&#x43A;&#x43B;&#x430;&#x434;&#x447;&#x430;&#x442;&#x44B;&#x445; &#x43E;&#x431;&#x43B;&#x430;&#x441;&#x442;&#x435;&#x439; &#x421;&#x438;&#x431;&#x438;&#x440;&#x438; &#x438; &#x414;&#x430;&#x43B;&#x44C;&#x43D;&#x435;&#x433;&#x43E; &#x412;&#x43E;&#x441;&#x442;&#x43E;&#x43A;&#x430;</subfield>
    <subfield code="f">[&#x41E;&#x442;&#x432;. &#x440;&#x435;&#x434;. &#x41A;.&#x412;. &#x411;&#x43E;&#x433;&#x43E;&#x43B;&#x435;&#x43F;&#x43E;&#x432;]</subfield>
    <subfield code="g">&#x410;&#x41D; &#x421;&#x421;&#x421;&#x420;. &#x421;&#x438;&#x431;. &#x43E;&#x442;&#x434;-&#x43D;&#x438;&#x435;. &#x41D;&#x430;&#x443;&#x447;. &#x441;&#x43E;&#x432;&#x435;&#x442; &#x43F;&#x43E; &#x442;&#x435;&#x43A;&#x442;&#x43E;&#x43D;&#x438;&#x43A;&#x435; &#x421;&#x438;&#x431;&#x438;&#x440;&#x438; &#x438; &#x414;&#x430;&#x43B;&#x44C;&#x43D;&#x435;&#x433;&#x43E; &#x412;&#x43E;&#x441;&#x442;&#x43E;&#x43A;&#x430;</subfield>
  </datafield>
  <datafield tag="210" ind1=" " ind2=" ">
    <subfield code="a">&#x41C;&#x43E;&#x441;&#x43A;&#x432;&#x430;</subfield>
    <subfield code="c">&#x41D;&#x430;&#x443;&#x43A;&#x430;</subfield>
    <subfield code="d">1970</subfield>
  </datafield>
  <datafield tag="215" ind1=" " ind2=" ">
    <subfield code="a">223 &#x441;., 1 &#x43B;. &#x441;&#x445;&#x435;&#x43C;.</subfield>
    <subfield code="c">&#x438;&#x43B;.</subfield>
  </datafield>
  <datafield tag="320" ind1=" " ind2=" ">
    <subfield code="a">&#x411;&#x438;&#x431;&#x43B;&#x438;&#x43E;&#x433;&#x440;. &#x432; &#x43A;&#x43E;&#x43D;&#x446;&#x435; &#x441;&#x442;&#x430;&#x442;&#x435;&#x439;</subfield>
  </datafield>
  <datafield tag="320" ind1=" " ind2=" ">
    <subfield code="a">&#x423;&#x43A;&#x430;&#x437;&#x430;&#x442;&#x435;&#x43B;&#x44C; &#x43D;&#x430;&#x437;&#x432;. &#x440;&#x435;&#x433;&#x438;&#x43E;&#x43D;. &#x442;&#x435;&#x43A;&#x442;&#x43E;&#x43D;. &#x441;&#x442;&#x440;&#x443;&#x43A;&#x442;&#x443;&#x440;: &#x441;. 209-214</subfield>
  </datafield>
  <datafield tag="461" ind1=" " ind2="0">
    <subfield code="1">001rc\4809841</subfield>
    <subfield code="1">2001#$a&#x422;&#x435;&#x43A;&#x442;&#x43E;&#x43D;&#x438;&#x43A;&#x430; &#x421;&#x438;&#x431;&#x438;&#x440;&#x438;$dTectonics of Siberia$e[&#x421;&#x431;&#x43E;&#x440;&#x43D;&#x438;&#x43A; &#x441;&#x442;&#x430;&#x442;&#x435;&#x439;]$f&#x41E;&#x442;&#x432;. &#x440;&#x435;&#x434;. &#x447;&#x43B;.-&#x43A;&#x43E;&#x440;. &#x410;&#x41D; &#x421;&#x421;&#x421;&#x420; &#x42E;.&#x410;. &#x41A;&#x43E;&#x441;&#x44B;&#x433;&#x438;&#x43D;$g&#x410;&#x43A;&#x430;&#x434;. &#x43D;&#x430;&#x443;&#x43A; &#x421;&#x421;&#x421;&#x420;. &#x421;&#x438;&#x431;. &#x43E;&#x442;&#x434;-&#x43D;&#x438;&#x435;. &#x41D;&#x430;&#x443;&#x447;. &#x441;&#x43E;&#x432;&#x435;&#x442; &#x43F;&#x43E; &#x442;&#x435;&#x43A;&#x442;&#x43E;&#x43D;&#x438;&#x43A;&#x435; &#x421;&#x438;&#x431;&#x438;&#x440;&#x438; &#x438; &#x414;&#x430;&#x43B;&#x44C;&#x43D;&#x435;&#x433;&#x43E; &#x412;&#x43E;&#x441;&#x442;&#x43E;&#x43A;&#x430;. &#x422;. 1-$v&#x422;. 4</subfield>
    <subfield code="9">8560747</subfield>
    <subfield code="c">&#x41D;&#x43E;&#x432;&#x43E;&#x441;&#x438;&#x431;&#x438;&#x440;&#x441;&#x43A;</subfield>
    <subfield code="d">1962</subfield>
    <subfield code="f">&#x41E;&#x442;&#x432;. &#x440;&#x435;&#x434;. &#x447;&#x43B;.-&#x43A;&#x43E;&#x440;. &#x410;&#x41D; &#x421;&#x421;&#x421;&#x420; &#x42E;.&#x410;. &#x41A;&#x43E;&#x441;&#x44B;&#x433;&#x438;&#x43D;</subfield>
    <subfield code="l">Tectonics of Siberia</subfield>
    <subfield code="n">&#x418;&#x437;&#x434;-&#x432;&#x43E; &#x410;&#x41D; &#x421;&#x421;&#x421;&#x420;. &#x421;&#x438;&#x431;. &#x43E;&#x442;&#x434;-&#x43D;&#x438;&#x435;</subfield>
    <subfield code="o">[&#x421;&#x431;&#x43E;&#x440;&#x43D;&#x438;&#x43A; &#x441;&#x442;&#x430;&#x442;&#x435;&#x439;]</subfield>
    <subfield code="t">&#x422;&#x435;&#x43A;&#x442;&#x43E;&#x43D;&#x438;&#x43A;&#x430; &#x421;&#x438;&#x431;&#x438;&#x440;&#x438;</subfield>
    <subfield code="v">&#x422;. 4</subfield>
  </datafield>
  <datafield tag="606" ind1=" " ind2=" ">
    <subfield code="a">&#x421;&#x43A;&#x43B;&#x430;&#x434;&#x447;&#x430;&#x442;&#x43E;&#x441;&#x442;&#x44C; &#x43F;&#x43E;&#x440;&#x43E;&#x434;</subfield>
    <subfield code="y">&#x421;&#x438;&#x431;&#x438;&#x440;&#x44C; (&#x442;. 4)</subfield>
    <subfield code="2">psbo</subfield>
  </datafield>
  <datafield tag="702" ind1=" " ind2="1">
    <subfield code="a">&#x411;&#x43E;&#x433;&#x43E;&#x43B;&#x435;&#x43F;&#x43E;&#x432;</subfield>
    <subfield code="b">&#x41A;.&#x412;.</subfield>
    <subfield code="4">340</subfield>
  </datafield>
  <datafield tag="801" ind1=" " ind2="0">
    <subfield code="a">RU</subfield>
    <subfield code="b">NLR</subfield>
    <subfield code="g">psbo</subfield>
  </datafield>
  <datafield tag="801" ind1=" " ind2="1">
    <subfield code="a">RU</subfield>
    <subfield code="b">ELAR</subfield>
    <subfield code="2">rusmarc</subfield>
  </datafield>
  <datafield tag="852" ind1=" " ind2=" ">
    <subfield code="a">NLR</subfield>
    <subfield code="j">63-7/2153</subfield>
  </datafield>
  <datafield tag="942" ind1=" " ind2=" ">
    <subfield code="c">BOOK</subfield>
  </datafield>
  <datafield tag="980" ind1=" " ind2=" ">
    <subfield code="a">NB</subfield>
  </datafield>
  <datafield tag="995" ind1=" " ind2=" ">
    <subfield code="5">2013-10-26</subfield>
    <subfield code="b">NLR01</subfield>
    <subfield code="c">NLR01</subfield>
    <subfield code="e">RF31</subfield>
    <subfield code="f">8877489-10</subfield>
    <subfield code="k">63-7/2153</subfield>
    <subfield code="o">0</subfield>
    <subfield code="r">BOOK</subfield>
    <subfield code="s">6372153_</subfield>
  </datafield>
</record>
